000 00673cam a22002293a 4500
001 14546
003 PGUSA
005 20140828083318.0
008 041231s2004||||xxu|||||s|||||000 1 eng d
040 _aPGUSA
_beng
042 _adc
050 4 _aPZ
100 1 _aEmerson, Alice B.
245 1 0 _aBetty Gordon at Mountain Camp :
_bOr, The Mystery of Ida Bellethorne
_h[electronic resource] /
_cAlice B. Emerson
260 _bProject Gutenberg,
_c2004
506 _aPublic domain in the USA.
516 _aElectronic text
653 _aWinter -- Juvenile fiction
830 0 _aProject Gutenberg
_v14546
856 4 0 _uhttp://www.gutenberg.org/ebooks/14546
942 _cEB
999 _c243801
_d243801